书目信息 |
| 题名: |
Visual Basic .NET Primer Plus中文版
|
|
| 作者: | 珀德姆 , Purdum 著 ;石朝江 , 陈维军 译 | |
| 分册: | ||
| 出版信息: | 北京 人民邮电出版社 2003.12 |
|
| 页数: | 465页 | |
| 开本: | 26cm | |
| 丛书名: | ||
| 单 册: | ||
| 中图分类: | TP312BA | |
| 科图分类: | ||
| 主题词: | BASIC语言--程序设计--教材 , BASIC语言 , 程序设计 | |
| 电子资源: | ||
| ISBN: | 7-115-11795-0 | |
| 000 | 00932nam0 2200289 45 | |
| 001 | 012004000000 | |
| 005 | 20050119095027.63 | |
| 010 | @a7-115-11795-0@dCNY 49.00 | |
| 100 | @a20041220d2003 em y0chiy0121 ea | |
| 101 | 1 | @achi@ceng |
| 102 | @aCN@b110000 | |
| 105 | @aak z 000yy | |
| 200 | 1 | @aVisual Basic .NET Primer Plus中文版@AVisual Basic .NET Primer Plus zhong wen ban@f(美)珀德姆(Jack Purdum)著@g石朝江, 陈维军译 |
| 210 | @a北京@c人民邮电出版社@d2003.12 | |
| 215 | @a465页@c图, 表格@d26cm | |
| 306 | @a本书中文简体字版由美国Sams公司授权人民邮电出版社翻译出版。 | |
| 320 | @a附附录 | |
| 606 | 0 | @aBASIC语言@x程序设计@j教材 |
| 606 | 0 | @aBASIC语言 |
| 606 | 0 | @a程序设计 |
| 690 | @aTP312BA@v4 | |
| 701 | 1 | @a珀德姆@Apo de mu@bJ.@4著 |
| 701 | A1 | @aPurdum@bJack@4著 |
| 702 | 0 | @a石朝江@Ashi chao jiang@4译 |
| 702 | 0 | @a陈维军@Achen wei jun@4译 |
| 801 | 0 | @aCN@bQSSKw@c20050119 |
| 905 | @a10447@dTP312BA@eP772 | |
| Visual Basic .NET Primer Plus中文版/(美)珀德姆(Jack Purdum)著/石朝江, 陈维军译.-北京:人民邮电出版社,2003.12 |
| 465页:图, 表格;26cm |
| ISBN 7-115-11795-0:CNY 49.00 |
| ● |
| 相关链接 |
|
|
|
正题名:Visual Basic .NET Primer Plus中文版
索取号:TP312BA/P772
 
预约/预借
| 序号 | 登录号 | 条形码 | 馆藏地/架位号 | 状态 | 备注 |
| 1 | 434891 | 204348919 | 期刊室512/301自科库 47排7列3层/ [索取号:TP312BA/P772] | 在馆 | |
| 2 | 438722 | 204387225 | 期刊室512/301自科库 47排7列3层/ [索取号:TP312BA/P772] | 在馆 | |
| 3 | 438723 | 204387234 | 自科库301/301自科库 47排7列3层/ [索取号:TP312BA/P772] | 在馆 |